Атомное строение фаз. Кристаллохимия твердых растворов и промежуточных фаз. Структура аморфных, квазикристаллических и нанокристаллических материалов: курс лекций; учебное пособие

Xehetasun bibliografikoak
Egile nagusia: Ягодкин Ю. Д. Юрий Дмитриевич
Erakunde egilea: Московский государственный институт стали и сплавов (МИСиС)
Beste egile batzuk: Свиридова Т. А. Татьяна Александровна
Gaia:Рассмотрены структура твердых растворов, факторы, определяющие растворимость в первичных твердых растворах, термодинамика их образования, процессы атомного упорядочения. Проведен кристаллохимический анализ часто встречающихся промежуточных фаз, включая условия их образования и особенности атомного строения. Подробно рассмотрена структура аморфных, квазикристаллических и нанокристаллических материалов. Курс лекций рекомендован студентам, обучающимся по специальностям 210602 «Наноматерилы» и 150702 «Физика металлов».
Hizkuntza:errusiera
Argitaratua: Москва, Учеба, 2007
Gaiak:
Formatua: MixedMaterials Liburua
KOHA link:https://koha.lib.tpu.ru/cgi-bin/koha/opac-detail.pl?biblionumber=177790

MARC

LEADER 00000nam0a2200000 4500
001 177790
005 20231031165717.0
035 |a (RuTPU)RU\TPU\book\192764 
090 |a 177790 
100 |a 20100325d2007 m y0rusy50 ca 
101 0 |a rus 
102 |a RU 
105 |a a j 001zy 
200 1 |a Атомное строение фаз. Кристаллохимия твердых растворов и промежуточных фаз. Структура аморфных, квазикристаллических и нанокристаллических материалов  |e курс лекций  |e учебное пособие  |f Ю. Д. Ягодкин, Т. А. Свиридова  |g Московский государственный институт стали и сплавов (МИСиС) 
210 |a Москва  |c Учеба  |d 2007 
215 |a 107 с.  |c ил. 
320 |a Библиогр.: с. 106. 
330 |a Рассмотрены структура твердых растворов, факторы, определяющие растворимость в первичных твердых растворах, термодинамика их образования, процессы атомного упорядочения. Проведен кристаллохимический анализ часто встречающихся промежуточных фаз, включая условия их образования и особенности атомного строения. Подробно рассмотрена структура аморфных, квазикристаллических и нанокристаллических материалов. Курс лекций рекомендован студентам, обучающимся по специальностям 210602 «Наноматерилы» и 150702 «Физика металлов». 
606 1 |a Сплавы  |x Фазовый анализ  |2 stltpush  |3 (RuTPU)RU\TPU\subj\55914 
610 1 |a твердые растворы 
610 1 |a кристаллохимия 
610 1 |a аморфные твердые сплавы 
610 1 |a расплавы 
610 1 |a структура 
610 1 |a квазикристаллические материалы 
610 1 |a нанокристаллические материалы 
610 1 |a лекции 
610 1 |a учебные пособия 
675 |a 669.017.16(075.8)  |v 3 
700 1 |a Ягодкин  |b Ю. Д.  |g Юрий Дмитриевич 
701 1 |a Свиридова  |b Т. А.  |g Татьяна Александровна 
712 0 2 |a Московский государственный институт стали и сплавов (МИСиС)  |2 stltpush  |3 (RuTPU)RU\TPU\col\180 
801 1 |a RU  |b 63413507  |c 20100325 
801 2 |a RU  |b 63413507  |c 20101201  |g RCR 
942 |c BK 
959 |a 22/20100324  |d 1  |e 337,00  |f ЧЗТЛ:1